000 00761cpcaa2200241 4500
001 mm 79003434
003 DLC
005 20260227111643.0
008 790403|||||||||||| fre
010 _amm 79003434
040 _aDLC
_cDLC
_dDLC
_edacs
072 7 _aL
_2lcmd
100 1 _aCassou, Jean,
_d1897-1986
245 0 0 _aPoems if Jean Cassou,
_fundated.
300 _a3
_fitems.
506 0 _aOpen to research.
545 0 _aPoet.
546 _aCollection material in French.
580 _aForms part of: Miscellaneous Manuscripts collection.
656 7 _aPoets.
_2itoamc
999 _c41326
_d41326